000 00634nam a2200241Ia 4500
008 160803s9999 xx 000 0 und d
020 _a0 590465147
100 _aGoble, Paul
245 4 _aThe girl who loved wild horses /
245 _cstory and illustrations by Paul Goble.
260 _aNew York :
260 _bScholastic Inc.
260 _c1978
300 _a32 unnumbered pages :
300 _bcolor illustrations ;
300 _c26 cm
650 _aHorses --
650 _aHorses.
650 _aIndians of North America --
650 _xJuvenile fiction.
650 _xJuvenile fiction.
700 _a670
999 _c299577
_d299577